000 00371nam a2200157Ia 4500
008 221030s9999 xx 000 0 und d
020 _a0074515861
041 _aEnglish
082 _a105.23
_bDho
100 _aP. S. Dhogal
245 0 _aBasic Electrical Engineering
_cby P. S. Dhogal
260 _bTMH
_aNew Delhi
_c2000
300 _a257
650 _aEE
942 _cBK
999 _c7132
_d7132